000 00583nam a2200121Ia 4500
008 220615s9999||||xx |||||||||||||| ||und||
100 _aElorduy, Nerea Amorós
245 0 _aArchitecture as a Way of Seeing and Learning
_bThe built environment as an added educator in East African refugee camps
546 _aEnglish[eng]
650 _aarchitecture||East Africa||refugee camps||schools||learning environments||urban planning||urban studies||built environment||refugees||migration
856 _uhttps://library.oapen.org/bitstream/20.500.12657/51800/1/9781800080119.pdf
942 _cEB
999 _c12811
_d12811